<?xml version="1.0" encoding="UTF-8"?>
<record
    xmlns:xsi="http://www.w3.org/2001/XMLSchema-instance"
    xsi:schemaLocation="http://www.loc.gov/MARC21/slim http://www.loc.gov/standards/marcxml/schema/MARC21slim.xsd"
    xmlns="http://www.loc.gov/MARC21/slim">

  <leader>00756nab a2200217 uc4500</leader>
  <controlfield tag="001">767750</controlfield>
  <controlfield tag="005">20240201183432.0</controlfield>
  <controlfield tag="008">020814e18681101                    spa  </controlfield>
  <datafield tag="035" ind1=" " ind2=" ">
    <subfield code="a">767750</subfield>
  </datafield>
  <datafield tag="035" ind1=" " ind2=" ">
    <subfield code="a">(OCoLC)819984658</subfield>
  </datafield>
  <datafield tag="040" ind1=" " ind2=" ">
    <subfield code="c">comduadb</subfield>
  </datafield>
  <datafield tag="041" ind1=" " ind2=" ">
    <subfield code="a">spa</subfield>
  </datafield>
  <datafield tag="245" ind1="1" ind2="3">
    <subfield code="a">La atencion y la distraccion</subfield>
  </datafield>
  <datafield tag="500" ind1=" " ind2=" ">
    <subfield code="a">Titulo aportado por el catalogador.</subfield>
  </datafield>
  <datafield tag="650" ind1=" " ind2="7">
    <subfield code="a">Atenci&#xF3;n</subfield>
    <subfield code="2">lemb</subfield>
    <subfield code="9">2189</subfield>
  </datafield>
  <datafield tag="650" ind1=" " ind2=" ">
    <subfield code="a">Observaci&#xF3;n (M&#xE9;todo educativo)</subfield>
    <subfield code="9">85877</subfield>
  </datafield>
  <datafield tag="650" ind1=" " ind2=" ">
    <subfield code="a">Ejecucion de planes</subfield>
    <subfield code="9">23519</subfield>
  </datafield>
  <datafield tag="650" ind1=" " ind2="0">
    <subfield code="a">Distracci&#xF3;n (Psicolog&#xED;a)</subfield>
    <subfield code="9">101966</subfield>
  </datafield>
  <datafield tag="773" ind1="0" ind2=" ">
    <subfield code="t">El Oasis : Peri&#xF3;dico Literario (Medell&#xED;n)</subfield>
    <subfield code="g">El  Oasis : Volumen 01, N&#xFA;meros 01-52, Enero - Diciembre 1868, Vol. 01, No. 46, Nov. 14, 1868, p. 361-362</subfield>
    <subfield code="w">726662</subfield>
    <subfield code="0">236483</subfield>
  </datafield>
  <datafield tag="942" ind1=" " ind2=" ">
    <subfield code="c">ARIMP</subfield>
  </datafield>
  <datafield tag="999" ind1=" " ind2=" ">
    <subfield code="c">250858</subfield>
    <subfield code="d">250858</subfield>
  </datafield>
</record>
